000 00296nam a22001337a 4500
008 170516b xxu||||| |||| 00| 0 eng d
020 _a2900073330159
041 _aeng
080 _26TH
_a94 (7/8)
100 _a16
101 _aSHH
245 _aNATION OF NATIONS
_cDAVIDSON
942 _2udc
_cBK
999 _c13335
_d13335